000 00917nam a2200217 i 4500
001 76342
003 ES-MaACL
005 20230906172817.0
007 t|
008 040930s1908 sp ||||1| spa d
080 _a94(460)"1808/14":75.041.5
110 0 _aJunta de Iconografía Nacional (España)
_95394
245 1 0 _aGuerra de la Independencia
_b: retratos /
_cJunta de Iconografía Nacional.
260 _aMadrid :
_b[s.n.],
_c1908 (
_eMadrid :
_fImp. de la Revista de Archivos, Bibliotecas y Museos)
300 _a47 h., 44 lám. ;
_c40 cm.
500 _aPrecede al tit.: Junta de Iconografía Nacional.
599 _aLas h. de láminas son reproducciones fotomecánicas de los principales personajes que participaron en la Guerra de la Independencia.
651 4 _aEspaña-
_xHistoria-
_y1808-1814, Guerra de la Independencia-
_vRetratos.
_9156027
852 _aES-MaACL
_jB-6477
852 _aES-MaACL
_jB-251
999 _c76342
_d76342